00396nam a2200121Ia 45000010005000000080041000050820030000461000053000762450056001292600047001859010027002329990015002593137241024s9999 xx 000 0 und d aRD/370.97293/R426r/645-12 aRepública Dominicana.Ministerio de Educación 0aReglamento Orgánico del Ministerio de Educación bSanto Domingo,República Dominicanac2013 a22/8/2013 1:09:45 p.m. c8971d8971